000 01326nam a2200349 a 4500
001 000109521
003 CHAP
005 20220329144053.0
008 140507s2013 mx sm |||||||spa d
010 _a105983
011 _a106955
040 _cCHAP
090 _aTesis
100 1 _aHernández Ojeda, Maricruz
_9126762
245 1 0 _aContenido de proteína y fibra en el forraje de los pastos Insurgente y Toledo cosechados a tres frecuencias de corte
_h[En línea]
_cpor Maricruz Hernández Ojeda y Nancy Santiago Hernández.
260 _aChapingo, Méx. :
_bEl autor,
_c2013.
500 _aPara ver el contenido del material haga clic en la liga
502 _aTesis (Ing. Agr. Esp. en Zootecnia) -- UACH. Departamento de Zootecnia
590 _aBATCH-UPD
_b05
_c20141002
_lUCH01
_h0902
590 _aE6096MTM
_b05
_c20140507
_lUCH01
_h1441
590 _aE6096MTM
_b05
_c20140507
_lUCH01
_h1442
650 1 4 _aPastos forrajeros
_xValor nutritivo.
_986122
650 1 4 _aPastos
_xCorte.
_986011
650 1 4 _aPastos
_xProteínas en.
_986071
650 1 4 _aPastos
_xVariedades.
_986086
650 1 4 _aProteínas en nutrición animal.
_992454
700 1 _aSantiago Hernández, Nancy
_9126763
856 _aFinding aid
_uhttp://10.13.5.2/tesis/sist109521.pdf
_zTeclea aquí
901 _aBK
942 _cTESIS
942 _n0
999 _c105983
_d105983